02487 a2200289 45000010006000000050017000060080041000230030015000640400040000790800033001192450020001520200022001722500012001942640036002063000019002425051188002610410008014499420007014575900036014641000023015007000028015238560095015519990015016469520140016619520177018019520219019784384120260407155719.0260407a2014 arg spa dAR-UNSa-BCEJYS aAR-UNSa-BCEJYSbspacAR-UNSa-BCEJYS a330.101.541xMacroeconomía10aMacroeconomía a978-84-95348-94-4 a8a. ed. 1aBarcelona :bAntoni Boschc2014 a859 p.c24 cm. a1. La ciencia de la macroeconomía - 2. Los datos macroeconómicos - 3. La renta nacional: de dónde viene y adónde va - 4. El sistema monetario: qué es y cómo funciona - 5. La inflación: sus causas, sus efectos y sus costes sociales - 6. La economía abierta - 7. El paro - 8. El crecimiento económico I: la acumulación de capital y el crecimiento de la población - 9. El crecimiento económico II: la tecnología, el análisis empírico y la política económica - 10. Introducción a las fluctuaciones económicas - 11. La demanda agregada I: construcción del modelo IS-LM - 12. La demanda agregada II: aplicación del modelo IS-LM - 13. Reconsideración de la economía abierta: el modelo Mundell-Fleming y el sistema de tipos de cambio - 14. La oferta agregada y la disyuntiva a corto plazo entre la inflación y el paro - 15. Modelo dinámico de demanda y ofertas agregadas - 16. Comprender la conducta de los consumidores - 17. La teoría de la inversión - 18. Perspectiva alternativas sobre la política de estabilización - 19. La deuda pública y los déficit presupuestarios - 20. El sistema financiero: oportunidades y peligros -  aspa cBK aniveau_biblio:m niveau_hierar:01 aMankiw, N. Gregory1 aRabasco, María Esther41uhttps://biblioeco.unsa.edu.ar/pmb/images/libros/L126763.jpgyImagen de portadaqimage/jpeg c3726d3726 00104070aBCEJYSbBCEJYSc16d2026-04-07l0o330.101.541 M278 8ed.pL126763r2026-04-07 15:57:19w2026-04-07yLzPARTIDO EN PÁG 146 00104070aBCEJYSbBCEJYSc16d2026-04-07l0o330.101.541 M278 8ed.pL126764r2026-04-07 15:57:19w2026-04-07yLzLÁPIZ LEVE (PÁG 70 A 75, 66, 53) - PAG. 311 HÚMEDA 00104070aBCEJYSbBCEJYSc16d2026-04-07l0o330.101.541 M278 8ed.pL126765r2026-04-07 15:57:19w2026-04-07yLzCANTO MANCHADO CON VERDE - CANTO INFERIOR CON ROSA - 1° PÁGINAS UN POCO SUELTAS (HASTA PÁG 84)